[Event "8th Gibraltar U16-Junior 2018"]
[Site "Caleta"]
[Date "2018.08.17"]
[Round "2"]
[White "Shigaeva, Arina"]
[Black "Schulz, Victor"]
[Result "0-1"]
[WhiteElo "1271"]
[BlackElo "1510"]
[Annotator "NA RC"]
[PlyCount "56"]
[EventDate "2018.08.17"]
[EventType "swiss"]
[EventCountry "GGB"]
[SourceTitle "playchess.com"]
[Source "ChessBase"]
[SourceQuality "1"]
[TimeControl "6600+10"]

1. d4 {[%emt 0:00:00]} Nf6 {[%emt 0:00:00]} 2. Bf4 {[%emt 0:00:00]} d5 {[%emt 0:00:13]} 3. Nf3 {[%emt 0:00:25]} Bf5 {[%emt 0:00:15]} 4. h3 {[%emt 0:00:43]} e6 {[%emt 0:00:54]} 5. e3 {[%emt 0:00:41]} Nbd7 {[%emt 0:00:58]} 6. Be2 {[%emt 0:01:27]} Be7 {[%emt 0:02:21]} 7. Nbd2 {[%emt 0:03:07]} O-O {[%emt 0:00:56]} 8. O-O {[%emt 0:00:49]} c5 {[%emt 0:10:47]} 9. c3 {[%emt 0:01:58]} c4 {[%emt 0:04:35]} 10. Ne5 {[%emt 0:10:12]} Nxe5 {[%emt 0:00:36]} 11. Bxe5 {[%emt 0:03:16]} Bd6 {[%emt 0:01:13]} 12. Bxd6 {[%emt 0:18:40]} Qxd6 {[%emt 0:00:17]} 13. f4 {[%emt 0:01:18]} Ne4 {[%emt 0:01:15]} 14. Nxe4 {[%emt 0:02:26]} Bxe4 {[%emt 0:00:09]} 15. g4 {[%emt 0:04:35]} Qe7 {[%emt 0:01:35]} 16. Qe1 {[%emt 0:00:55]} f5 {[%emt 0:03:41]} 17. g5 {[%emt 0:02:26]} g6 {[%emt 0:01:21]} 18. h4 {[%emt 0:01:07]} h5 {[%emt 0:02:52]} 19. gxh6 {[%emt 0:03:07]} Qh7 {[%emt 0:00:07]} 20. Qg3 {[%emt 0:02:05]} Qxh6 {[%emt 0:00:18]} 21. Kf2 {[%emt 0:03:37]} Kf7 {[%emt 0:01:04]} 22. Qg5 {[%emt 0:08:10]} Rh8 {[%emt 0:00:41]} 23. Bf3 {[%emt 0:06:17]} Qxh4+ {[%emt 0:01:09]} 24. Qxh4 {[%emt 0:00:21]} Rxh4 {[%emt 0:00:07]} 25. Bxe4 {[%emt 0:00:20]} dxe4 {[%emt 0:02:11]} 26. Kg3 {[%emt 0:00:56]} Rah8 {[%emt 0:00:13]} 27. b3 {[%emt 0:06:38]} Rh2 {[%emt 0:00:15]} 28. Rf2 {[%emt 0:03:11]} R8h3# {[%emt 0:00:18]} 0-1

[Event "8th Gibraltar U16-Junior 2018"]
[Site "Caleta"]
[Date "2018.08.17"]
[Round "2"]
[White "Mahtani, Johan"]
[Black "Howell, Oliver W"]
[Result "0-1"]
[WhiteElo "1166"]
[BlackElo "1853"]
[Annotator "NA RC"]
[PlyCount "64"]
[EventDate "2018.08.17"]
[EventType "swiss"]
[EventCountry "GGB"]
[SourceTitle "playchess.com"]
[Source "ChessBase"]
[SourceQuality "1"]
[TimeControl "6600+10"]

1. d4 {[%emt 0:00:00]} e6 {[%emt 0:00:00]} 2. Nc3 {[%emt 0:00:05]} f5 {[%emt 0:00:04]} 3. Nf3 {[%emt 0:00:14]} Nf6 {[%emt 0:00:10]} 4. Bf4 {[%emt 0:00:17]} Be7 {[%emt 0:00:21]} 5. e3 {[%emt 0:00:12]} O-O {[%emt 0:00:13]} 6. Be2 {[%emt 0:00:16]} b6 {[%emt 0:00:46]} 7. d5 {[%emt 0:00:14]} Bd6 {[%emt 0:20:27]} 8. Bxd6 {[%emt 0:01:55]} cxd6 {[%emt 0:00:10]} 9. Nb5 {[%emt 0:00:21]} Nxd5 {[%emt 0:01:04]} 10. Nxd6 {[%emt 0:00:28]} Nc6 {[%emt 0:02:07]} 11. Nd4 {[%emt 0:00:52]} Nxd4 {[%emt 0:01:27]} 12. Qxd4 {[%emt 0:00:22]} Qc7 {[%emt 0:09:23]} 13. Nc4 {[%emt 0:00:10]} Ba6 {[%emt 0:01:35]} 14. Na3 {[%emt 0:00:41]} Bxe2 {[%emt 0:02:00]} 15. Kxe2 {[%emt 0:00:13]} Rac8 {[%emt 0:07:46]} 16. c4 {[%emt 0:01:43]} Ne7 {[%emt 0:01:04]} 17. Rhd1 {[%emt 0:00:36]} d5 {[%emt 0:01:42]} 18. cxd5 {[%emt 0:01:58]} Nxd5 {[%emt 0:00:32]} 19. g3 {[%emt 0:00:49]} Rfd8 {[%emt 0:04:46]} 20. Kf1 {[%emt 0:09:03]} a6 {[%emt 0:15:02]} 21. Qd2 {[%emt 0:03:09]} Qd6 {[%emt 0:05:38]} 22. Rac1 {[%emt 0:02:40]} Rxc1 {[%emt 0:01:22]} 23. Rxc1 {[%emt 0:00:16]} b5 {[%emt 0:01:27]} 24. Rd1 {[%emt 0:03:12]} Nxe3+ {[%emt 0:03:15]} 25. Qxe3 {[%emt 0:00:43]} Qxd1+ {[%emt 0:00:14]} 26. Kg2 {[%emt 0:00:02]} Qd5+ {[%emt 0:00:14]} 27. Kh3 {[%emt 0:00:26]} e5 {[%emt 0:00:39]} 28. Qb6 {[%emt 0:00:31]} Qd6 {[%emt 0:00:59]} 29. Qe3 {[%emt 0:00:37]} f4 {[%emt 0:00:43]} 30. gxf4 {[%emt 0:00:11]} exf4 {[%emt 0:00:47]} 31. Qb3+ {[%emt 0:00:36]} Kh8 {[%emt 0:00:43]} 32. Qc3 {[%emt 0:00:21]} b4 {[%emt 0:04:54]} 0-1

[Event "8th Gibraltar U16-Junior 2018"]
[Site "Caleta"]
[Date "2018.08.17"]
[Round "2"]
[White "Le, Vincent"]
[Black "Bansal, Saahil"]
[Result "0-1"]
[WhiteElo "1017"]
[BlackElo "1454"]
[Annotator "NA RC"]
[PlyCount "58"]
[EventDate "2018.08.17"]
[EventType "swiss"]
[EventCountry "GGB"]
[SourceTitle "playchess.com"]
[Source "ChessBase"]
[SourceQuality "1"]
[TimeControl "6600+10"]

1. e4 {[%emt 0:00:00]} e6 {[%emt 0:00:00]} 2. d4 {[%emt 0:00:00]} d5 {[%emt 0:00:04]} 3. e5 {[%emt 0:00:00]} c5 {[%emt 0:00:10]} 4. c3 {[%emt 0:00:00]} Qb6 {[%emt 0:00:05]} 5. Nf3 {[%emt 0:00:11]} Bd7 {[%emt 0:00:25]} 6. Be2 {[%emt 0:00:37]} Nc6 {[%emt 0:00:45]} 7. O-O {[%emt 0:00:28]} Rc8 {[%emt 0:00:04]} 8. Na3 {[%emt 0:00:29]} cxd4 {[%emt 0:00:56]} 9. cxd4 {[%emt 0:00:28]} Bxa3 {[%emt 0:00:40]} 10. bxa3 {[%emt 0:00:01]} Nge7 {[%emt 0:00:34]} 11. Be3 {[%emt 0:00:28]} Nf5 {[%emt 0:03:23]} 12. Bd2 {[%emt 0:00:35]} Ncxd4 {[%emt 0:00:39]} 13. Nxd4 {[%emt 0:01:02]} Nxd4 {[%emt 0:00:03]} 14. Be3 {[%emt 0:00:18]} Nxe2+ {[%emt 0:00:05]} 15. Qxe2 {[%emt 0:00:17]} d4 {[%emt 0:12:09]} 16. Bd2 {[%emt 0:00:03]} Bb5 {[%emt 0:00:35]} 17. Qg4 {[%emt 0:03:11]} Bxf1 {[%emt 0:00:24]} 18. Qxg7 {[%emt 0:00:37]} Rf8 {[%emt 0:04:20]} 19. Bb4 {[%emt 0:00:10]} Rc5 {[%emt 0:18:00]} 20. Rxf1 {[%emt 0:00:59]} a5 {[%emt 0:00:10]} 21. Bxc5 {[%emt 0:00:24]} Qxc5 {[%emt 0:00:06]} 22. Qxh7 {[%emt 0:00:31]} Qxe5 {[%emt 0:00:17]} 23. Qd3 {[%emt 0:00:39]} Ke7 {[%emt 0:00:29]} 24. f4 {[%emt 0:01:57]} Qd5 {[%emt 0:02:07]} 25. Rf2 {[%emt 0:04:18]} Rc8 {[%emt 0:01:29]} 26. h4 {[%emt 0:01:08]} Rc3 {[%emt 0:00:41]} 27. Qh7 {[%emt 0:01:14]} d3 {[%emt 0:01:51]} 28. Rd2 {[%emt 0:00:41]} Qd4+ {[%emt 0:00:46]} 29. Rf2 {[%emt 0:04:20]} d2 {[%emt 0:06:33]} 0-1

[Event "8th Gibraltar U16-Junior 2018"]
[Site "Caleta"]
[Date "2018.08.18"]
[Round "3"]
[White "Player, Edmund C"]
[Black "Cramling Bellon, Anna"]
[Result "0-1"]
[WhiteElo "2194"]
[BlackElo "1999"]
[Annotator "TA"]
[PlyCount "66"]
[EventDate "2018.08.17"]
[EventType "swiss"]
[EventCountry "GGB"]
[SourceTitle "playchess.com"]
[Source "ChessBase"]
[SourceQuality "1"]

{[%evp 13,66,5,14,0,0,0,19,0,12,0,16,0,29,0,0,-18,-3,-3,0,-74,0,-150,-34,-188,-147,-199,-135,-191,0,-129,-133,-177,-179,-170,-179,-152,-166,-252,-225,-321,-275,-749,-633,-586,-539,-567,-485,-483,-472,-475,-468,-773,-770,-29997,-29998]} 1. e4 c5 2. Nf3 d6 3. d4 cxd4 4. Nxd4 Nf6 5. Nc3 a6 6. Bd3 e5 7. Nde2 Be7 {LiveBook: 41 Partien. B90: Sizilianisch (Najdorf-Variante, Abweichungen)} 8. Ng3 (8. O-O O-O 9. Ng3 Be6 10. Nd5 Bxd5 11. exd5 g6 12. Bh6 Re8 13. c4 Nbd7 14. b4 Bf8 15. Bg5 h6 16. Bd2 e4 {½-½ (46) Najer,E (2683)-Wojtaszek,R (2738) Batumi 2018}) 8... Be6 9. Be3 Nbd7 {Die Stellung ist ausgeglichen.} 10. O-O O-O 11. h3 Qc7 $146 ({Vorgänger:} 11... Rc8 12. f4 Re8 13. f5 Bc4 14. Qe2 Bxd3 15. Qxd3 Qa5 16. a3 b5 {½-½ (32) Odeev,H (2415)-Agdelen,H (2276) Cesme 2018}) 12. Re1 g6 13. Qd2 Rfd8 14. f4 exf4 15. Bxf4 Ne5 16. Rad1 (16. Qf2 $11) 16... Rac8 ({Besser ist} 16... Qb6+ $17 17. Be3 Qxb2) 17. Nf1 (17. Qf2 $11) 17... Nh5 (17... Qb6+ $17 18. Ne3 Qxb2) 18. Bh2 $2 (18. Be3 $15) 18... Bh4 $36 {[%mdl 2048] Und weiter mit ...Db6+ wäre nett. Schwarz bestimmt, wo es lang geht.} 19. Ne3 (19. Qe3 $17) 19... Bxe1 (19... Qb6 $1 $19 20. Re2 Bg5) 20. Rxe1 (20. Qxe1 $17 Qb6 21. Na4) 20... Qe7 $2 (20... Qb6 $1 $19 21. Qc1 Nxd3 22. cxd3 d5 23. exd5 Bxd5) 21. Qf2 (21. Ned5 $1 $11 {hält das Gleichgewicht.} Qh4 22. Rf1) 21... Qf6 $17 22. Qe2 {[#]} Qg5 $1 23. Kh1 Ng3+ 24. Bxg3 Qxg3 25. Nf1 {[#]} (25. Rf1 $142) 25... Qh4 $1 $19 26. Qe3 (26. Rd1 $142) 26... Ng4 27. Qf3 $2 (27. Qd2) 27... Qxe1 28. hxg4 Qh4+ 29. Nh2 h5 30. gxh5 Kg7 31. Ne2 Qxh5 32. Qg3 (32. Qxh5 $142 gxh5 33. b3) 32... Rh8 {Droht stark ...Txc2!} 33. Nf4 Qd1+ {Precision: Weiß = 15%, Schwarz = 43%.} 0-1

[Event "8th Gibraltar U16-Junior 2018"]
[Site "Caleta"]
[Date "2018.08.18"]
[Round "3"]
[White "Haase, Pavel"]
[Black "Onslow, Alfie"]
[Result "1-0"]
[WhiteElo "2177"]
[BlackElo "2040"]
[Annotator "TA"]
[PlyCount "73"]
[EventDate "2018.08.17"]
[EventType "swiss"]
[EventCountry "GGB"]
[SourceTitle "playchess.com"]
[Source "ChessBase"]
[SourceQuality "1"]

{[%evp 9,72,-15,6,6,40,0,0,-4,42,14,12,11,6,10,6,19,31,-58,77,68,84,83,77,85,89,78,72,51,68,64,224,238,232,217,168,163,357,360,401,113,220,200,128,124,121,69,280,292,1454,1423,2083,2074,1905,1882,29989,29990,29990,29991,29991,29992,29997,29997,29997,29998,29999]} 1. c4 e5 2. Nc3 Bb4 3. g3 Nf6 4. Bg2 c6 5. Qa4 (5. Nf3 d6 6. O-O O-O 7. d3 Re8 8. Qc2 h6 9. a3 Ba5 10. b4 Bc7 11. Bb2 Be6 12. Rfc1 Qc8 13. b5 a6 14. a4 Bh3 15. Bh1 Nbd7 16. bxc6 bxc6 {1-0 (40) Zhang,Z (2598)-Delgado Ramirez,N (2551) Beersheba 2005}) 5... Qe7 $146 ({Predecessor:} 5... Qa5 6. Qxa5 Bxa5 7. Nf3 d6 8. O-O O-O 9. d3 Re8 10. e4 Na6 11. a3 Nc5 12. b4 Nb3 {0-1 (26) Wendt,U (1765)-Kutschke,P (2070) Germany 1996}) 6. e4 {A23: English Opening: 1...e5 2 Nc3 Nf6 3 g3 c6} h5 7. d3 h4 8. Bg5 {The position is equal.} Na6 9. gxh4 Nc5 10. Qc2 Ne6 11. Nge2 Bc5 12. h3 d6 13. Rf1 (13. Qd2 $14) 13... Nd4 (13... Nxg5 $15 {stays ahead.} 14. hxg5 Nh7) 14. Nxd4 $16 exd4 15. Ne2 Bb4+ 16. Kd1 Bc5 17. Ng3 Qc7 18. Re1 Be6 19. f4 Nh5 $2 ({Black should play} 19... Nh7 $14) 20. Nxh5 $18 Rxh5 21. Qe2 Rh8 22. f5 Bd7 $2 (22... f6 23. fxe6 fxg5 24. hxg5 Ke7) 23. e5 dxe5 24. f6 $2 (24. Qxe5+ $18 {and the rest is easy.} Qxe5 25. Rxe5+ Kf8 26. Rxc5) 24... Kf8 (24... Bf8 $16) 25. fxg7+ Kxg7 26. Qf2 $36 {[%mdl 2048] Hoping for Bf6+. Keeping Black busy.} f5 27. Qg3 ({White should try} 27. Rg1 $16 Raf8 28. Bd5 $1 {[%mdl 512]}) 27... Kf7 $2 (27... Rag8 $1 $14) 28. Rxe5 Bd6 $2 {[#]} (28... Rac8) 29. Re7+ $1 {[%mdl 512]} Kf8 (29... Bxe7 30. Qxc7) 30. Bh6+ Kxe7 31. Qg7+ Ke6 {[#]} 32. Bg5 $1 {[%csl Gg5][%cal Rg7f6] White mates.} Raf8 33. Qg6+ Ke5 34. Kc2 {[%cal Ra1e1]} Bb4 35. Qg7+ Ke6 {[#]} 36. Re1+ $1 {[%mdl 512]} Bxe1 37. Qe7# {Precision: White = 57%, Black = 28%.} 1-0

[Event "8th Gibraltar U16-Junior 2018"]
[Site "Caleta"]
[Date "2018.08.18"]
[Round "3"]
[White "Moreby, James"]
[Black "Ledesma Claros, Daniel"]
[Result "1/2-1/2"]
[WhiteElo "2084"]
[BlackElo "1954"]
[Annotator "NA RC"]
[PlyCount "34"]
[EventDate "2018.08.17"]
[EventType "swiss"]
[EventCountry "GGB"]
[SourceTitle "playchess.com"]
[Source "ChessBase"]
[SourceQuality "1"]
[TimeControl "6600+10"]

{[%evp 10,34,68,69,32767,44,70,32767,89,32767,87,72,76,37,68,120,92,32767,32767,32767,32767,152,166,190,190,213,195]} 1. e4 {[%emt 0:00:00]} g6 {[%emt 0:00:00]} 2. d4 {[%emt 0:00:00]} c6 {[%emt 0:00:20]} 3. Nc3 {[%emt 0:01:05]} Bg7 {[%emt 0:00:17]} 4. Be3 {[%emt 0:00:07]} d5 {[%emt 0:00:17]} 5. f3 {[%emt 0:00:07]} Nf6 {[%emt 0:03:47]} 6. e5 {[%emt 0:00:57] LiveBook: 18 Games} Nfd7 {[%emt 0:00:39] B15: Caro-Kann: 3 Nc3: 3...g6 and 3...dxe4 4 Nxe4 Nf6 5 Nxf6+ exf6} (6... Ng8 7. Qd2 h5 8. h4 Nh6 9. Nh3 Nf5 10. Bd3 Nxe3 11. Qxe3 Bh6 12. Ng5 e6 13. O-O-O b6 14. g4 Ba6 15. Bxa6 Nxa6 16. gxh5 gxh5 17. f4 Qe7 18. Qe2 Nc7 19. Qxh5 O-O-O 20. Kb1 Rdf8 21. Rde1 {½-½ (21) Arutinian,D (2556)-Kasparov,S (2493) Wroclaw 2012}) 7. Qd2 {[%emt 0:00:46]} e6 {[%emt 0:03:02]} 8. f4 {[%emt 0:05:14]} Bf8 {[%emt 0:06:53]} 9. O-O-O $146 {[%emt 0:02:57]} ({Predecessor:} 9. Nf3 c5 10. O-O-O Nc6 11. dxc5 Nxc5 12. Qf2 Qa5 13. Bb5 Nd7 14. Nd4 Nxd4 15. Bxd4 {0-1 (28) Lobato Lavin,A (2081)-Roa Alonso,S (2358) Madrid 2000}) 9... Qa5 {[%emt 0:01:14]} 10. Kb1 {[%emt 0:00:53]} h5 {[%emt 0:08:45]} 11. h4 {[%emt 0:12:08]} a6 {[%emt 0:00:44]} 12. g4 {[%emt 0:03:44]} hxg4 {[%emt 0:08:23]} 13. Qg2 {[%emt 0:00:06]} c5 {[%emt 0:03:04]} 14. Qxg4 {[%emt 0:02:35]} Nc6 {[%emt 0:01:17]} 15. Nf3 {[%emt 0:01:57]} cxd4 {[%emt 0:04:55]} 16. Nxd4 {[%emt 0:00:25]} Nc5 {[%emt 0:09:33]} 17. h5 {[%emt 0:02:21]} Bd7 $18 {[%emt 0:04:13]} 1/2-1/2

[Event "8th Gibraltar U16-Junior 2018"]
[Site "Caleta"]
[Date "2018.08.18"]
[Round "3"]
[White "Diaz Mino, Pablo"]
[Black "Ifalore, Michael"]
[Result "1-0"]
[WhiteElo "2052"]
[BlackElo "1881"]
[Annotator "NA RC"]
[PlyCount "63"]
[EventDate "2018.08.17"]
[EventType "swiss"]
[EventCountry "GGB"]
[SourceTitle "playchess.com"]
[Source "ChessBase"]
[SourceQuality "1"]
[TimeControl "6600+10"]

{[%evp 8,63,14,32767,32767,32767,32767,14,25,17,32767,32767,141,116,32767,126,32767,154,171,164,425,32767,414,423,423,455,446,436,426,423,500,514,32767,32767,465,479,471,485,475,484,695,532,519,551,32767,32767,593,32767,32767,32767,32767,32767,883,865,32767,937,935,924]} 1. d4 {[%emt 0:00:00]} Nf6 {[%emt 0:00:00]} 2. c4 {[%emt 0:00:00]} e6 {[%emt 0:00:00]} 3. g3 {[%emt 0:00:05]} d5 {[%emt 0:00:05]} 4. Nf3 {[%emt 0:01:39]} Be7 {[%emt 0:00:07]} 5. Bg2 {[%emt 0:00:08]} O-O {[%emt 0:00:10]} 6. O-O {[%emt 0:00:06]} dxc4 {[%emt 0:00:02]} 7. Qc2 {[%emt 0:10:39]} a6 {[%emt 0:00:06] LiveBook: 5243 Games} 8. a4 {[%emt 0:01:14]} c6 {[%emt 0:00:18] E05: Open Catalan: 5 Nf3 Be7} (8... Bd7 9. Rd1 Bc6 10. Bg5 b5 11. Bxf6 Bxf6 12. Nc3 Qe8 13. e4 g6 14. h4 Nd7 15. axb5 axb5 16. Rxa8 Qxa8 {½-½ (26) Mamedyarov,S (2808)-So,W (2778) Stavanger 2018}) 9. a5 {[%emt 0:01:20]} b5 {[%emt 0:06:15]} (9... c5 $1 $11) 10. axb6 $1 {[%emt 0:07:00]} Qxb6 {[%emt 0:00:07]} 11. Nbd2 {[%emt 0:04:37]} ({Much weaker is} 11. Qxc4 $6 Nbd7 $11) 11... Bb7 {[%emt 0:08:11]} 12. Nxc4 {[%emt 0:00:23]} Qa7 {[%emt 0:00:11]} 13. Na5 {[%emt 0:06:14]} Rc8 $2 $146 {[%emt 0:04:15]} (13... Bb4 $16 14. Bd2 Bxa5) ({Predecessor:} 13... Nbd7 14. Qb3 Nb6 15. Ne5 Bd6 16. Nxb7 {1-0 (16) Nebolsina,V (2303)-Perrusset,B (1896) Agneaux 2006}) 14. Qb3 {[%emt 0:02:37]} Rc7 {[%emt 0:03:16]} 15. Bf4 {[%emt 0:00:01]} Rd7 {[%emt 0:00:06]} 16. Ne5 {[%emt 0:02:24]} Rxd4 {[%emt 0:15:54]} 17. Qxb7 {[%emt 0:00:21]} Qxb7 {[%emt 0:00:08]} 18. Nxb7 {[%emt 0:00:05]} Rb4 {[%emt 0:00:07]} 19. Na5 {[%emt 0:00:05]} Rxb2 {[%emt 0:00:54]} 20. Nexc6 {[%emt 0:00:29]} Nxc6 {[%emt 0:01:02]} 21. Nxc6 {[%emt 0:00:08]} ({Less strong is} 21. Bxc6 Rc8 $18) 21... Re8 {[%emt 0:00:08]} 22. Nxe7+ {[%emt 0:01:12]} Rxe7 {[%emt 0:00:05]} 23. Rxa6 {[%emt 0:01:09]} Rxe2 {[%emt 0:00:15]} (23... e5 $142 24. Ra8+ Re8 25. Rxe8+ Nxe8 26. Bxe5 Rxe2) 24. Ra8+ {[%emt 0:00:05]} Re8 {[%emt 0:00:06]} 25. Rfa1 {[%emt 0:00:12]} e5 {[%emt 0:02:02]} 26. Be3 {[%emt 0:00:26]} Rc2 {[%emt 0:00:51]} 27. Rxe8+ {[%emt 0:00:21]} Nxe8 {[%emt 0:00:04]} 28. Ra8 {[%emt 0:00:12]} Kf8 {[%emt 0:00:03]} 29. Be4 {[%emt 0:00:09]} Rc3 {[%emt 0:00:24]} 30. Bd2 {[%emt 0:01:48]} Rc4 {[%emt 0:00:25]} 31. Bd3 {[%emt 0:00:11]} Rd4 {[%emt 0:00:27]} 32. Bb5 $18 {[%emt 0:00:18]} 1-0